| Tag |
First Indicator |
Second Indicator |
Subfields |
| LEADER |
00000cam a2200000 4500 |
| 001 |
in00000038842 |
| 005 |
20151007081328.0 |
| 008 |
740528s1916 eng u |
| 010 |
|
|
|a 16022189
|
| 035 |
|
|
|a (OCoLC)00896749
|
| 035 |
|
|
|9 AAF6213AM
|
| 040 |
|
|
|c BAN
|d TXA
|d UtOrBLW
|
| 049 |
|
|
|a TXAM
|c [6576]
|
| 050 |
|
0 |
|a JX1965
|b .K5
|
| 092 |
|
|
|a 172.4
|b K44
|
| 100 |
1 |
|
|a Key, Ellen,
|d 1849-1926.
|
| 245 |
1 |
0 |
|a War, peace, and the future ;
|b a consideration of nationalism and internationalism, and of the relation of women to war /
|c Trans. by Hildegard Norberg.
|
| 264 |
|
1 |
|a New York and London :
|b G.P. Putnam's Sons,
|c 1916.
|
| 300 |
|
|
|a x, 271 pages ;
|c 20 cm.
|
| 336 |
|
|
|a text
|b txt
|2 rdacontent
|
| 337 |
|
|
|a unmediated
|b n
|2 rdamedia
|
| 338 |
|
|
|a volume
|b nc
|2 rdacarrier
|
| 500 |
|
|
|a Chapters I-VII and IX published in a Swedish edition in 1914.
|
| 650 |
|
0 |
|a War.
|
| 650 |
|
0 |
|a Women
|x Social and moral questions.
|
| 650 |
|
0 |
|a World War, 1914-1918.
|
| 700 |
1 |
|
|a Norberg, Hildegard.
|
| 999 |
|
|
|a MARS
|
| 999 |
f |
f |
|s 3cda63d1-058f-3202-a7fe-988951404103
|i 34af9a92-ef99-36c3-9bcc-fa58ab7277ec
|t 0
|
| 952 |
f |
f |
|p ric
|a Texas A&M University
|b Rellis Campus
|c Joint Library Facility
|d Remote Storage
|t 0
|e JX1965 .K5
|h Library of Congress classification
|i unmediated -- volume
|m A14830298397
|
| 998 |
f |
f |
|a JX1965 .K5
|t 0
|l Remote Storage
|